000 00212 a2200097 4500
001 18165
100 _aHovanessian
245 _aDigital comp methods in Engg
260 _a
_bMcGraw-Hill
_c
090 _c13459
_d13459
942 _aNUST-CAE
_cM
_c3846
999 _c253238
_d253238